<?xml version="1.0" encoding="UTF-8"?>
<collection xmlns="http://www.loc.gov/MARC21/slim">
 <record>
  <leader>03825nam a22004695i 4500</leader>
  <controlfield tag="001">978-981-287-561-7</controlfield>
  <controlfield tag="003">DE-He213</controlfield>
  <controlfield tag="005">20210618120307.0</controlfield>
  <controlfield tag="007">cr nn 008mamaa</controlfield>
  <controlfield tag="008">150716s2015    si |    s    |||| 0|eng d</controlfield>
  <datafield tag="020" ind1=" " ind2=" ">
   <subfield code="a">9789812875617</subfield>
   <subfield code="9">978-981-287-561-7</subfield>
  </datafield>
  <datafield tag="024" ind1="7" ind2=" ">
   <subfield code="a">10.1007/978-981-287-561-7</subfield>
   <subfield code="2">doi</subfield>
  </datafield>
  <datafield tag="050" ind1=" " ind2="4">
   <subfield code="a">HM706</subfield>
  </datafield>
  <datafield tag="050" ind1=" " ind2="4">
   <subfield code="a">HM821-821.17</subfield>
  </datafield>
  <datafield tag="072" ind1=" " ind2="7">
   <subfield code="a">JFF</subfield>
   <subfield code="2">bicssc</subfield>
  </datafield>
  <datafield tag="072" ind1=" " ind2="7">
   <subfield code="a">SOC026000</subfield>
   <subfield code="2">bisacsh</subfield>
  </datafield>
  <datafield tag="072" ind1=" " ind2="7">
   <subfield code="a">JBF</subfield>
   <subfield code="2">thema</subfield>
  </datafield>
  <datafield tag="082" ind1="0" ind2="4">
   <subfield code="a">305</subfield>
   <subfield code="2">23</subfield>
  </datafield>
  <datafield tag="100" ind1="1" ind2=" ">
   <subfield code="a">Olmedo, Eric.</subfield>
   <subfield code="e">author.</subfield>
   <subfield code="4">aut</subfield>
   <subfield code="4">http://id.loc.gov/vocabulary/relators/aut</subfield>
  </datafield>
  <datafield tag="245" ind1="1" ind2="0">
   <subfield code="a">Identity at Work</subfield>
   <subfield code="h">[electronic resource] :</subfield>
   <subfield code="b">Ethnicity, Food &amp; Power in Malaysian Hospitality Industry /</subfield>
   <subfield code="c">by Eric Olmedo.</subfield>
  </datafield>
  <datafield tag="250" ind1=" " ind2=" ">
   <subfield code="a">1st ed. 2015.</subfield>
  </datafield>
  <datafield tag="264" ind1=" " ind2="1">
   <subfield code="a">Singapore :</subfield>
   <subfield code="b">Springer Singapore :</subfield>
   <subfield code="b">Imprint: Springer,</subfield>
   <subfield code="c">2015.</subfield>
  </datafield>
  <datafield tag="300" ind1=" " ind2=" ">
   <subfield code="a">XIX, 208 p. 8 illus.</subfield>
   <subfield code="b">online resource.</subfield>
  </datafield>
  <datafield tag="336" ind1=" " ind2=" ">
   <subfield code="a">text</subfield>
   <subfield code="b">txt</subfield>
   <subfield code="2">rdacontent</subfield>
  </datafield>
  <datafield tag="337" ind1=" " ind2=" ">
   <subfield code="a">computer</subfield>
   <subfield code="b">c</subfield>
   <subfield code="2">rdamedia</subfield>
  </datafield>
  <datafield tag="338" ind1=" " ind2=" ">
   <subfield code="a">online resource</subfield>
   <subfield code="b">cr</subfield>
   <subfield code="2">rdacarrier</subfield>
  </datafield>
  <datafield tag="347" ind1=" " ind2=" ">
   <subfield code="a">text file</subfield>
   <subfield code="b">PDF</subfield>
   <subfield code="2">rda</subfield>
  </datafield>
  <datafield tag="505" ind1="0" ind2=" ">
   <subfield code="a">Acknowledgements -- List of Figures -- List of Plates -- Chapter 1: Introduction: The Hotel as Social Laboratory -- Chapter 2: Self-Ethnography, or How my story affects the story -- Chapter 3: Ethnicity, Identity &amp; Society -- Chapter 4: Food and Society: The Life of Ethnic Boundaries -- Chapter 5: The Hotel as Micro-Ecumene -- Chapter 6: The Hotel as Workplace: Technology Transfer &amp; Identity Formation -- Chapter 7: Towards an Epistemological Spatial Turn -- Chapter 8: Conclusion -- References.</subfield>
  </datafield>
  <datafield tag="520" ind1=" " ind2=" ">
   <subfield code="a">This book investigates the interface of ethnicity with occupation, empirically observed in luxury international hotels in Kuala Lumpur, Malaysia. It employs the two main disciplines of anthropology and sociology in order to understand the root causes and meaning of ethnicity at work within the hospitality industry sector. More specifically, it observes social change in a multi-ethnic and non-secular society through an ethnographic study located in a micro organisation: the Grand Hotel. At the individual level, this research shows how identity shifts and transformation can be mediated through the consumption and manipulation of food at the workplace.  In addition, it combines an ambitious theoretical discussion on the concept of ethnicity together with empirical data that highlights how ethnicity is lived on an everyday basis at a workplace manifesting the dynamics of cultural, religious and ethnic diversity. The book presents the quantitative and qualitative findings of two complementary surveys and pursues an interdisciplinary approach, as it integrates methodologies from the sociology of organisations with classic fieldwork methods borrowed from ethnology, while combining French and Anglo-Saxon schools of thoughts on questions of identity and ethnicity. The results of the cultural contact occurring in a westernised pocket of the global labour market – in which social practices derive from the headquarters located in a society where ethnicity is self-ascribed – with Malaysian social actors to whom ethnicity is assigned will be of particular interest for social scientists and general readers alike.</subfield>
  </datafield>
  <datafield tag="650" ind1=" " ind2="0">
   <subfield code="a">Social structure.</subfield>
  </datafield>
  <datafield tag="650" ind1=" " ind2="0">
   <subfield code="a">Social inequality.</subfield>
  </datafield>
  <datafield tag="650" ind1="1" ind2="4">
   <subfield code="a">Social Structure, Social Inequality.</subfield>
   <subfield code="0">https://scigraph.springernature.com/ontologies/product-market-codes/X22010</subfield>
  </datafield>
  <datafield tag="710" ind1="2" ind2=" ">
   <subfield code="a">SpringerLink (Online service)</subfield>
  </datafield>
  <datafield tag="773" ind1="0" ind2=" ">
   <subfield code="t">Springer Nature eBook</subfield>
  </datafield>
  <datafield tag="776" ind1="0" ind2="8">
   <subfield code="i">Printed edition:</subfield>
   <subfield code="z">9789812875600</subfield>
  </datafield>
  <datafield tag="776" ind1="0" ind2="8">
   <subfield code="i">Printed edition:</subfield>
   <subfield code="z">9789812875624</subfield>
  </datafield>
  <datafield tag="776" ind1="0" ind2="8">
   <subfield code="i">Printed edition:</subfield>
   <subfield code="z">9789811012358</subfield>
  </datafield>
  <datafield tag="856" ind1="4" ind2="0">
   <subfield code="u">https://doi.org/10.1007/978-981-287-561-7</subfield>
  </datafield>
  <datafield tag="912" ind1=" " ind2=" ">
   <subfield code="a">ZDB-2-SHU</subfield>
  </datafield>
  <datafield tag="912" ind1=" " ind2=" ">
   <subfield code="a">ZDB-2-SXS</subfield>
  </datafield>
  <datafield tag="950" ind1=" " ind2=" ">
   <subfield code="a">Humanities, Social Sciences and Law (SpringerNature-11648)</subfield>
  </datafield>
  <datafield tag="950" ind1=" " ind2=" ">
   <subfield code="a">Social Sciences (R0) (SpringerNature-43726)</subfield>
  </datafield>
 </record>
</collection>
